000 00439cam a2200169 4500
001 D12722
008 090401t1904 xxu||||| |||| 00| 0 eng d
035 _a(Sirsi) u5297
041 _aeng
100 _aFerguson, Thomas
245 _aAutomatic surveying instruments and their practical uses on land and water
260 _aLondon
_bJohn Ball and Sons
_c1904
350 _a0
520 _aShelf 179
942 _n0
948 _c04/03/1997
999 _c86153
_d86153